000 00446nam a2200145Ia 4500
008 230917s9999||||xx |||||||||||||| ||und||
040 _e175444
_aMAIN
041 _aEnglish
082 _a891.43301731 SM14U
100 _aसचदेवा, एम एस
245 0 _aउसने फिर शोर मचाया
260 _aरोहतक
_bमंथन पब्लिकेशन्स
_c1990
300 _a91 पृ. p.
942 _cHN
999 _c84595
_d84595